00731nam a2200241 a 4500001001300000003000900013005001700022008004100039020002300080082001800103100001700121245005900138260003800197300001000235500003500245505001000280650001800290700001700308902000800325942000700333952013400340999001500474nice12345678IN_TiNIC20260116012319.0050524s1988 dela grp 000 0 eng  a8185119 c18000a297.0954bHAS aHasan, Qamar aMuslims in Indiab Attitudes Adjustment and Reactions. aDelhibNorthern Book Centrec1988 a251p. aincludes index and biblioraphy2 aindex aMuslims-India1 aHasan, Qamar bSRS cBK 001040708StackRoom-aHMIbHMId2013-02-08g180.00l3m6o297.0954 HASp013264r2022-08-29s2016-04-07v180.00w2005-05-24yBK c6514d6514